«Ça Ira!» paroles - Statistiques

Statistiques générales
  • Ce quiz a été pris 22 fois
  • Le résultat moyen est 188 sur 354
Statistiques - réponses
Réponse % Correct
Ça
95%
ira
95%
a
90%
à
90%
s'
75%
l'
70%
L'
70%
Le
70%
le
70%
les
70%
Les
70%
Ah
65%
on
65%
60%
la
60%
La
60%
aristocrate
50%
ce
50%
n'
50%
pendra
50%
au
45%
de
45%
lanterne
45%
ma
45%
aristocrates
40%
qu'
40%
qui
40%
Et
35%
et
35%
il
35%
nous
35%
Nous
35%
plus
35%
Pour
35%
tout
35%
Tout
35%
un
35%
Comme
30%
dans
30%
du
30%
Du
30%
elle
30%
en
30%
En
30%
jour
30%
ni
30%
Par
30%
peuple
30%
bon
25%
Quand
25%
aura
20%
sans
20%
Avec
15%
avons
15%
chanter
15%
liberté
15%
loi
15%
monde
15%
nobles
15%
Nos
15%
temps
15%
allons
10%
égalité
10%
être
10%
français
10%
justice
10%
leur
10%
cela
5%
clergé
5%
diable
5%
dit
5%
nation
5%
viendra
5%
2000
0%
abaisse
0%
abaissera
0%
accomplira
0%
affreux
0%
alléluia
0%
apaisera
0%
autrichien
0%
bein
0%
Boileau
0%
catéchisme
0%
Celui
0%
cesse
0%
chansonnette
0%
chantant
0%
chantent
0%
chaque
0%
clique
0%
confus
0%
culpa
0%
despotisme
0%
dira
0%
docile
0%
élève
0%
élèvera
0%
ennemies
0%
envolera
0%
esclave
0%
éteindra
0%
évangile
0%
exercera
0%
expirera
0%
fanatisme
0%
fera
0%
Guingette
0%
infernale
0%
instruira
0%
jadis
0%
lafayette
0%
législateur
0%
Malgré
0%
malgré
0%
Margot
0%
maxime
0%
mea
0%
mutins
0%
parla
0%
partout
0%
Pierrette
0%
plaisir
0%
prédit
0%
prêtres
0%
prophète
0%
prudent
0%
quia
0%
règnera
0%
regrette
0%
Réjouissons
0%
répète
0%
restent
0%
réussira
0%
souviendra
0%
suivant
0%
suivra
0%
triomphe
0%
vrai
0%
Aucun quiz correspondant
Distribution des résultats
% des personnes avec chaque résultat
Percentile par nombre de réponses
Votre historique - résultats
Vous n’avez pas pris ce quiz